Finish the lyrics - Panama by van halen - Statistics

General Stats
  • This quiz has been taken 57 times
  • The average score is 16 of 29
Answer Stats
Hint Answer % Correct
Jump back, what's that _____ sound
98%
Hot shoe, _______ down the avenue burning
76%
Hot shoe, ______ down the avenue burning
76%
Don't you know she's ______ ____ with me? coming home
76%
______, ______ Panama, Panama
76%
______, ______ Panama, Panama
76%
______, ______ Panama, Panama
76%
______, ______ Panama, Panama
76%
______, ______ Panama, Panama
76%
______, ______ Panama, Panama
76%
___'_ you know she's coming home with me? Don't
68%
Model citizen, zero __________ discipline
64%
Yeah we're running a little bit ___ _______ hot tonight
64%
you'll ____ her in the turn lose
60%
I can barley see the road from the ____ ______ off of it heat coming
58%
Ain't _______ like it, nothing
54%
_______ my legs Between
52%
____ ___ ____ back Ease the seat
50%
Got the feel for the wheel, keep the ______ _____ clean moving parts
50%
Ain't no ________ now stopping
50%
You _____ ____ reach down
44%
Her _____ machine shiny
44%
you'll lose her in ___ ____ the turn
44%
Right behind the ____-____ mirror rear-view
38%
Here she comes, ____ _____ ___ ___ ____ full blast and top down
32%
I'm ______ flying
26%
Pistons ______ popping
26%
Got an __-____ coming through my bed room on-ramp
24%
She's ________ blinding
10%
No matching quizzes found
Score Distribution
Percent of People with Each Score
Percentile by Number Answered
Your Score History
You have not taken this quiz